Contemporary mathematics in context : a unified approach. Course 3. Part B /

Na minha lista:
Detalhes bibliográficos
Autor principal: Không rõ
Formato: Livro
Idioma:Vietnamese
Publicado em: EverydayLearning 1999
Tags: Adicionar Tag
Sem tags, seja o primeiro a adicionar uma tag!
Thư viện lưu trữ: Mạng thư viện Đại học Đà Nẵng
LEADER 00669nam a2200265 4500
001 000027166
003 CO-M
005 20150403120000.0
008 150403s vm 000 vie
020 |c 0,0000 
040 |a notts 
100 |a Không rõ 
245 |a Contemporary mathematics in context : a unified approach. Course 3. Part B /  |c Arthur F. Coxford .. [et al.]. 
260 |b EverydayLearning  |c 1999 
OWN |a LTT 
999 |a From the UDN01 
TYP |a Monograph 
TYP |a Printed language 
980 |a Mạng thư viện Đại học Đà Nẵng